LEADER 02154nam a2200385 a 4500 001 000000130784 003 CaOOAMICUS 005 20121008134326.0 008 121008s2009 fr abfe u000 u fre r 020 $z9782213627205* 040 $aPUL$bita 082 04$a271.7 245 00$aPrier et combattre :$bdictionnaire européen des ordres militaires au Moyen Âge /$csous la direction de Nicole Bériou et Philippe Josserand ; coordination générale effectuée par Frédéric Chartrain ; préface par Anthony Luttrell ; introduction historiographique par Alain Demurger ; traductions par Nicole Bériou ... [et al.]. 246 30$aDictionnaire européen des ordres militaires au Moyen Âge 260 $aParis :$bFayard,$c2009. 300 $a1029 p., [8] p. di tav. :$bill., c. geogr., piante ;$c25 cm 500 $aInclude indici. 500 $aSul front.: "Ouvrage préparé avec le concours du Centre national du Livre et de l?Institut universitaire de France." 650 4$aOrdini cavallereschi$yEvo medio.$0(OLS)http://pul/subject/29827 700 1 $aBériou, Nicole.$0(OLS)http://pul/name/62532 700 1 $aJosserand, Philippe.$0(OLS)http://pul/name/83821 700 1 $aChartrain, Frédéric.$0(OLS)http://pul/name/83822 700 1 $aLuttrell, Anthony T.,$d1932-$0(OLS)http://pul/name/60816 700 1 $aDemurger, Alain.$0(OLS)http://pul/name/59590 710 2 $aCentre national du livre (France).$0(OLS)http://pul/name/83823 710 2 $aInstitut universitaire de France.$0(OLS)http://pul/name/83824 850 $aPUL 852 $aPUL$W1$xSL Religione 3$y85$m271. 7 BERNI 1$j151186$qDDC 21$B149926$CPULBib$Z2$F149926 $H120871 $82 941 1 $a9 996 $6020$z9782213627205*$9(OLS)http://pul/number/150793 996 $6082$a271.7$9(OLS)http://pul/classification/2386 996 $6245$aPrier et combattre :$bdictionnaire européen des ordres militaires au Moyen Âge$9(OLS)http://pul/title/165284 996 $6246$aDictionnaire européen des ordres militaires au Moyen Âge$9(OLS)http://pul/title/165285 996 $6260$aParis :$bFayard$9(OLS)http://pul/publisher/52106 LEADER 01194nam a2200265 a 4500 001 000000128194 003 CaOOAMICUS 005 20120326094224.0 008 120326s2012 vc u000 u ita r 020 $a978-88-465-0797-6 040 $aPUL$bita 082 04$a270.082 100 1 $aLuparia, Marco Ermes,$d1950-$0(OLS)http://pul/name/78222 245 10$aElogio alla donna :$bfemminile e maschile verso una rinnovata alleanza /$cMarco Ermes Luparia. 260 $aCittà del Vaticano :$bLateran University Press,$c2012. 300 $a127 p. ;$c24 cm. 504 $aContiene riferimenti bibliografici. 650 4$aDonna (teologia).$0(OLS)http://pul/subject/17230 850 $aPUL 852 $aPUL$W1$xSL Religione 3$y85$m270. 082 LUPMA 1$j148380$qDDC 21$q $B146974$CPULBib$Z2$F146974 $H119415 $81 996 $6020$a978-88-465-0797-6$9(OLS)http://pul/number/149321 996 $6082$a270.082$9(OLS)http://pul/classification/510 996 $6245$aElogio alla donna :$bfemminile e maschile verso una rinnovata alleanza$9(OLS)http://pul/title/161986 996 $6260$aCittà del Vaticano :$bLateran University Press$9(OLS)http://pul/publisher/74585